000 00325 a2200109 4500
001 ART_31288
005 20260410161840.0
008 260409a
245 1 0 _aAproximaciones al deber de decoro en el agente público
100 1 _aBonato, Mauro R.
773 0 _tRAP
_g- Año 36, Nº 425 (feb. 2014)
_wREV5941
999 _c24025
_d24025